Leading and managing education (Record no. 240547)
[ view plain ]
| 000 -LEADER | |
|---|---|
| fixed length control field | 01445nam a22003374a 4500 |
| 100 1# - MAIN ENTRY--AUTHOR NAME | |
| Personal name | Foskett, Nicholas, |
| 245 10 - TITLE STATEMENT | |
| Title | Leading and managing education |
| 260 ## - PUBLICATION, DISTRIBUTION, ETC. (IMPRINT) | |
| Place of publication | London : |
| Name of publisher | P. Chapman Pub. ; |
| Place of publication | Thousand Oaks, Calif. : |
| Name of publisher | SAGE Publications, |
| Year of publication | 2003. |
| 300 ## - PHYSICAL DESCRIPTION | |
| Number of Pages | xii, 224 p. |
| 490 1# - SERIES STATEMENT | |
| Series statement | Educational management, research and practice |
| 650 #0 - SUBJECT ADDED ENTRY--TOPICAL TERM | |
| Topical Term | School management and organization |
| Topical Term | Educational leadership |
| 700 1# - ADDED ENTRY--PERSONAL NAME | |
| Personal name | Lumby, Jacky. |
| 856 40 - ELECTRONIC LOCATION AND ACCESS | |
| Uniform Resource Identifier | http://site.ebrary.com/lib/rucke/Doc?id=10218249 |
No items available.
